000 00707nam a22002297a 4500
003 UA-OsUOA
001 135955
007 ta
008 20190225b un ||||| |||| 00| 0 ukr d
100 _aКобиринка Г.
700 _aРябець Л.
090 _a81
_bК55
942 _cSA
040 _aUA-OsUOA
_bukr
_cUA-OsUOA
_dUA-OsUOA
245 _aУкраїнська діалектологія: витоки та перспективи
300 _aС.83-92
955 _a0
041 _aukr
080 _a81
773 0 _w135947
_tУкраїнська мова
_dК.
_d2018
_g4
650 7 _a8 Мовознавство. Художня література. Літературознавство
_2UDC
999 _c420436
_d420436